[Event "DVM U16w 2024"]
[Site "Neumünster GER"]
[Date "2024.12.28"]
[Round "3"]
[White "Czäczine, Laura"]
[Black "Müller, Cosima"]
[Result "0-1"]
[Termination "normal"]
[Board "2.2"]
[WhiteElo "1787"]
[BlackElo "1757"]
[WhiteClock "00:03:21"]
[BlackClock "00:22:27"]
[WhiteTeam "Chemnitzer SC Aufbau95"]
[BlackTeam "SSV Altenberg"]
[PlyCount "84"]
[WhiteFideId "16211448"]
[BlackFideId "34601490"]
[EventCountry "GER"]
[EventRounds "7"]
[EventType "team-swiss"]
[EventDate "2024.12.26"]

1. e4 {[%clk 01:30:58]} c5 {[%clk 01:30:56]} {[%emt 00:00:05]} 2. Nf3 {[%clk
01:31:24]} {[%emt 00:00:04]} Nc6 {[%clk 01:31:21]} {[%emt 00:00:06]} 3. d4
{[%clk 01:31:49]} {[%emt 00:00:04]} cxd4 {[%clk 01:31:47]} {[%emt 00:00:04]} 4.
Nxd4 {[%clk 01:32:14]} {[%emt 00:00:05]} g6 {[%clk 01:32:11]} {[%emt 00:00:06]}
5. c4 {[%clk 01:32:26]} {[%emt 00:00:18]} Bg7 {[%clk 01:32:37]} {[%emt
00:00:04]} 6. Be3 {[%clk 01:32:49]} {[%emt 00:00:07]} Nf6 {[%clk 01:33:01]}
{[%emt 00:00:06]} 7. Nc3 {[%clk 01:33:00]} {[%emt 00:00:19]} O-O {[%clk
01:33:21]} {[%emt 00:00:10]} 8. Be2 {[%clk 01:30:46]} {[%emt 00:02:44]} d6
{[%clk 01:33:43]} {[%emt 00:00:08]} 9. Nc2 {[%clk 01:30:41]} {[%emt 00:00:35]}
Be6 {[%clk 01:30:41]} {[%emt 00:03:33]} 10. O-O {[%clk 01:26:34]} {[%emt
00:04:36]} Rc8 {[%clk 01:29:01]} {[%emt 00:02:10]} 11. Rc1 {[%clk 01:24:35]}
{[%emt 00:02:28]} Nd7 {[%clk 01:22:27]} {[%emt 00:07:05]} 12. Qd2 {[%clk
01:14:33]} {[%emt 00:10:33]} a6 {[%clk 01:19:56]} {[%emt 00:03:00]} 13. f4
{[%clk 01:08:54]} {[%emt 00:06:09]} Nc5 {[%clk 01:15:31]} {[%emt 00:04:55]} 14.
e5 {[%clk 00:58:04]} {[%emt 00:11:21]} dxe5 {[%clk 01:07:59]} {[%emt 00:08:02]}
15. Qxd8 {[%clk 00:46:12]} {[%emt 00:12:22]} Nxd8 {[%clk 01:08:18]} {[%emt
00:00:10]} 16. b4 {[%clk 00:38:53]} {[%emt 00:07:49]} Nd7 {[%clk 01:07:53]}
{[%emt 00:00:55]} 17. Nd5 {[%clk 00:37:56]} {[%emt 00:01:26]} Bxd5 {[%clk
01:05:29]} {[%emt 00:02:55]} 18. cxd5 {[%clk 00:38:20]} {[%emt 00:00:06]} exf4
{[%clk 01:05:04]} {[%emt 00:00:55]} 19. Bxf4 {[%clk 00:37:39]} {[%emt
00:01:11]} Bb2 {[%clk 01:04:41]} {[%emt 00:00:53]} 20. Bg4 {[%clk 00:30:09]}
{[%emt 00:07:59]} Bxc1 {[%clk 01:02:47]} {[%emt 00:02:24]} 21. Bxd7 {[%clk
00:27:18]} {[%emt 00:03:22]} Rxc2 {[%clk 01:02:18]} {[%emt 00:00:58]} 22. Bxc1
{[%clk 00:24:12]} {[%emt 00:03:36]} Kg7 {[%clk 00:58:37]} {[%emt 00:04:11]} 23.
a3 {[%clk 00:22:16]} {[%emt 00:02:26]} b5 {[%clk 00:57:17]} {[%emt 00:01:51]}
24. Bf4 {[%clk 00:19:12]} {[%emt 00:03:33]} Nb7 {[%clk 00:45:50]} {[%emt
00:11:58]} 25. Re1 {[%clk 00:15:47]} {[%emt 00:03:54]} e6 {[%clk 00:40:45]}
{[%emt 00:05:36]} 26. Be5+ {[%clk 00:12:51]} {[%emt 00:03:27]} Kh6 {[%clk
00:39:39]} {[%emt 00:01:35]} 27. Re3 {[%clk 00:06:13]} {[%emt 00:07:07]} g5
{[%clk 00:36:33]} {[%emt 00:03:37]} 28. Bc6 {[%clk 00:04:26]} {[%emt 00:02:16]}
Nd8 {[%clk 00:34:52]} {[%emt 00:02:11]} 29. Bd6 {[%clk 00:03:59]} {[%emt
00:00:58]} Rg8 {[%clk 00:33:06]} {[%emt 00:02:16]} 30. Bd7 {[%clk 00:03:41]}
{[%emt 00:00:48]} Rd2 {[%clk 00:30:06]} {[%emt 00:03:31]} 31. Be5 {[%clk
00:01:44]} {[%emt 00:02:27]} Rxd5 {[%clk 00:28:44]} {[%emt 00:01:51]} 32. Bc8
{[%clk 00:02:00]} {[%emt 00:00:14]} Nc6 {[%clk 00:26:11]} {[%emt 00:03:04]} 33.
Bb7 {[%clk 00:02:23]} {[%emt 00:00:06]} Rxe5 {[%clk 00:26:31]} {[%emt
00:00:10]} 34. Rh3+ {[%clk 00:02:45]} {[%emt 00:00:07]} Kg6 {[%clk 00:26:31]}
{[%emt 00:00:29]} 35. Bxc6 {[%clk 00:03:11]} {[%emt 00:00:06]} Rd8 {[%clk
00:25:56]} {[%emt 00:01:04]} 36. Kf2 {[%clk 00:02:57]} {[%emt 00:00:44]} Rd2+
{[%clk 00:25:57]} {[%emt 00:00:30]} 37. Kf1 {[%clk 00:03:12]} {[%emt 00:00:13]}
Ree2 {[%clk 00:23:13]} {[%emt 00:03:15]} 38. Bf3 {[%clk 00:03:04]} {[%emt
00:00:37]} Rf2+ {[%clk 00:23:26]} {[%emt 00:00:18]} 39. Ke1 {[%clk 00:03:28]}
{[%emt 00:00:04]} Ra2 {[%clk 00:23:16]} {[%emt 00:00:40]} 40. g4 {[%clk
00:03:07]} {[%emt 00:00:53]} Rxh2 {[%clk 00:21:55]} {[%emt 00:01:51]} 41. Rg3
{[%clk 00:02:55]} {[%emt 00:00:42]} Ra1+ {[%clk 00:22:11]} {[%emt 00:00:15]}
42. Bd1 {[%clk 00:03:21]} {[%emt 00:00:03]} Rh1+ {[%clk 00:22:27]} {[%emt
00:00:15]} 0-1

[Event "DVM U16w 2024"]
[Site "Neumünster GER"]
[Date "2024.12.28"]
[Round "3"]
[White "Glotz, Diana"]
[Black "Ottlik, Marie"]
[Result "1/2-1/2"]
[Termination "normal"]
[Board "2.3"]
[WhiteElo "1641"]
[BlackElo "1639"]
[WhiteClock "00:07:11"]
[BlackClock "00:02:30"]
[WhiteTeam "SSV Altenberg"]
[BlackTeam "Chemnitzer SC Aufbau95"]
[PlyCount "65"]
[WhiteFideId "16278500"]
[BlackFideId "16281730"]
[EventCountry "GER"]
[EventRounds "7"]
[EventType "team-swiss"]
[EventDate "2024.12.26"]

1. d4 {[%clk 01:29:10]} {[%emt 00:01:49]} d5 {[%clk 01:30:48]} {[%emt
00:00:13]} 2. Nc3 {[%clk 01:29:24]} {[%emt 00:00:15]} Nf6 {[%clk 01:30:04]}
{[%emt 00:01:14]} 3. Bg5 {[%clk 01:29:38]} {[%emt 00:00:16]} e6 {[%clk
01:26:45]} {[%emt 00:03:50]} 4. e4 {[%clk 01:29:07]} {[%emt 00:01:00]} dxe4
{[%clk 01:16:32]} {[%emt 00:10:43]} 5. Bxf6 {[%clk 01:26:07]} {[%emt 00:03:31]}
Qxf6 {[%clk 01:16:11]} {[%emt 00:00:50]} 6. Nxe4 {[%clk 01:25:53]} {[%emt
00:00:45]} Qd8 {[%clk 01:03:27]} {[%emt 00:13:11]} 7. Nf3 {[%clk 01:23:25]}
{[%emt 00:03:00]} Be7 {[%clk 01:01:29]} {[%emt 00:02:29]} 8. Bd3 {[%clk
01:22:32]} {[%emt 00:01:22]} Nd7 {[%clk 00:58:55]} {[%emt 00:03:02]} 9. Qd2
{[%clk 01:19:29]} {[%emt 00:03:35]} Nf6 {[%clk 00:57:04]} {[%emt 00:02:21]} 10.
Nxf6+ {[%clk 01:17:24]} {[%emt 00:02:35]} Bxf6 {[%clk 00:56:58]} {[%emt
00:00:36]} 11. c3 {[%clk 01:17:46]} {[%emt 00:00:08]} O-O {[%clk 00:56:41]}
{[%emt 00:00:47]} 12. O-O-O {[%clk 01:11:32]} {[%emt 00:06:43]} c5 {[%clk
00:50:13]} {[%emt 00:06:59]} 13. dxc5 {[%clk 01:08:43]} {[%emt 00:03:19]} Qa5
{[%clk 00:49:21]} {[%emt 00:01:16]} 14. Kb1 {[%clk 01:01:20]} {[%emt 00:07:59]}
Qxc5 {[%clk 00:45:27]} {[%emt 00:04:24]} 15. g4 {[%clk 01:00:16]} {[%emt
00:01:34]} b5 {[%clk 00:41:09]} {[%emt 00:04:48]} 16. Be4 {[%clk 00:58:31]}
{[%emt 00:02:14]} Rb8 {[%clk 00:41:05]} {[%emt 00:00:35]} 17. g5 {[%clk
00:56:52]} {[%emt 00:02:09]} Be7 {[%clk 00:39:32]} {[%emt 00:01:59]} 18. Rc1
{[%clk 00:51:16]} {[%emt 00:06:10]} Bb7 {[%clk 00:36:22]} {[%emt 00:03:41]} 19.
Bxb7 {[%clk 00:48:57]} {[%emt 00:02:49]} Rxb7 {[%clk 00:34:10]} {[%emt
00:02:41]} 20. Ka1 {[%clk 00:44:22]} {[%emt 00:05:05]} Rd8 {[%clk 00:30:12]}
{[%emt 00:04:25]} 21. Qe3 {[%clk 00:42:55]} {[%emt 00:01:59]} Qf5 {[%clk
00:19:15]} {[%emt 00:11:22]} 22. Rcd1 {[%clk 00:40:06]} {[%emt 00:03:24]} Rbd7
{[%clk 00:17:36]} {[%emt 00:02:09]} 23. Rxd7 {[%clk 00:36:56]} {[%emt
00:03:40]} Rxd7 {[%clk 00:17:56]} {[%emt 00:00:11]} 24. Rg1 {[%clk 00:31:17]}
{[%emt 00:06:08]} Bc5 {[%clk 00:14:38]} {[%emt 00:03:49]} 25. Qe2 {[%clk
00:27:36]} {[%emt 00:04:10]} Qd5 {[%clk 00:11:41]} {[%emt 00:03:26]} 26. a3
{[%clk 00:25:02]} {[%emt 00:03:06]} Qb3 {[%clk 00:08:33]} {[%emt 00:03:35]} 27.
Ne5 {[%clk 00:22:54]} {[%emt 00:02:40]} Rd8 {[%clk 00:03:46]} {[%emt 00:05:18]}
28. Qf3 {[%clk 00:18:21]} {[%emt 00:05:02]} Bxa3 {[%clk 00:03:23]} {[%emt
00:00:54]} 29. bxa3 {[%clk 00:06:13]} {[%emt 00:12:39]} Qxa3+ {[%clk 00:03:39]}
{[%emt 00:00:14]} 30. Kb1 {[%clk 00:06:36]} {[%emt 00:00:06]} Qb3+ {[%clk
00:03:07]} {[%emt 00:01:01]} 31. Ka1 {[%clk 00:06:26]} {[%emt 00:00:40]} Qa3+
{[%clk 00:03:33]} {[%emt 00:00:05]} 32. Kb1 {[%clk 00:06:51]} {[%emt 00:00:05]}
Qb3+ {[%clk 00:02:30]} {[%emt 00:01:33]} 33. Ka1 {[%clk 00:07:11]} {[%emt
00:00:10]} 1/2-1/2

[Event "DVM U16w 2024"]
[Site "Neumünster GER"]
[Date "2024.12.28"]
[Round "3"]
[White "Brewig, Bea Josephine"]
[Black "Eger, Nora"]
[Result "1/2-1/2"]
[Termination "normal"]
[Board "2.4"]
[WhiteElo "1545"]
[BlackElo "1570"]
[WhiteClock "00:10:21"]
[BlackClock "00:10:18"]
[WhiteTeam "Chemnitzer SC Aufbau95"]
[BlackTeam "SSV Altenberg"]
[PlyCount "97"]
[WhiteFideId "16249313"]
[BlackFideId "34605827"]
[EventCountry "GER"]
[EventRounds "7"]
[EventType "team-swiss"]
[EventDate "2024.12.26"]

1. e4 {[%clk 01:30:55]} {[%emt 00:00:04]} d6 {[%clk 01:30:43]} {[%emt
00:00:17]} 2. d4 {[%clk 01:31:18]} {[%emt 00:00:07]} Nf6 {[%clk 01:31:04]}
{[%emt 00:00:09]} 3. Nc3 {[%clk 01:31:26]} {[%emt 00:00:22]} g6 {[%clk
01:30:41]} {[%emt 00:00:53]} 4. Be3 {[%clk 01:31:06]} {[%emt 00:00:50]} Bg7
{[%clk 01:30:19]} {[%emt 00:00:53]} 5. Qd2 {[%clk 01:30:28]} {[%emt 00:01:08]}
Ng4 {[%clk 01:24:24]} {[%emt 00:06:24]} 6. Bf4 {[%clk 01:28:49]} {[%emt
00:02:10]} e5 {[%clk 01:12:58]} {[%emt 00:11:55]} 7. dxe5 {[%clk 01:28:10]}
{[%emt 00:01:09]} dxe5 {[%clk 01:06:20]} {[%emt 00:07:08]} 8. Qxd8+ {[%clk
01:27:51]} {[%emt 00:00:49]} Kxd8 {[%clk 01:06:48]} {[%emt 00:00:02]} 9. O-O-O+
{[%clk 01:22:40]} {[%emt 00:05:41]} Nd7 {[%clk 01:05:01]} {[%emt 00:02:17]} 10.
Bg3 {[%clk 01:22:12]} {[%emt 00:00:58]} c6 {[%clk 01:00:40]} {[%emt 00:04:51]}
11. h3 {[%clk 01:16:49]} {[%emt 00:05:54]} Nh6 {[%clk 00:55:59]} {[%emt
00:05:10]} 12. a4 {[%clk 00:57:20]} {[%emt 00:19:59]} Ke7 {[%clk 00:48:22]}
{[%emt 00:08:07]} 13. Bc4 {[%clk 00:53:16]} {[%emt 00:04:34]} Re8 {[%clk
00:45:04]} {[%emt 00:03:47]} 14. Nge2 {[%clk 00:47:02]} {[%emt 00:06:45]} Kf8
{[%clk 00:33:14]} {[%emt 00:12:21]} 15. Bh2 {[%clk 00:34:14]} {[%emt 00:13:18]}
Nb6 {[%clk 00:31:19]} {[%emt 00:02:25]} 16. Ba2 {[%clk 00:32:20]} {[%emt
00:02:23]} Be6 {[%clk 00:29:54]} {[%emt 00:01:55]} 17. Bxe6 {[%clk 00:30:36]}
{[%emt 00:02:14]} Rxe6 {[%clk 00:30:23]} {[%emt 00:00:02]} 18. g4 {[%clk
00:29:26]} {[%emt 00:01:40]} Ree8 {[%clk 00:26:10]} {[%emt 00:04:43]} 19. f3
{[%clk 00:27:18]} {[%emt 00:02:38]} Rad8 {[%clk 00:23:31]} {[%emt 00:03:08]}
20. h4 {[%clk 00:23:20]} {[%emt 00:04:28]} Rxd1+ {[%clk 00:18:46]} {[%emt
00:05:14]} 21. Rxd1 {[%clk 00:23:40]} {[%emt 00:00:11]} Ke7 {[%clk 00:15:08]}
{[%emt 00:04:08]} 22. Bg1 {[%clk 00:20:39]} {[%emt 00:03:31]} Rd8 {[%clk
00:11:40]} {[%emt 00:03:58]} 23. Bc5+ {[%clk 00:18:39]} {[%emt 00:02:30]} Ke8
{[%clk 00:11:30]} {[%emt 00:00:41]} 24. Rxd8+ {[%clk 00:17:27]} {[%emt
00:01:42]} Kxd8 {[%clk 00:11:56]} {[%emt 00:00:03]} 25. b3 {[%clk 00:14:45]}
{[%emt 00:03:12]} Ng8 {[%clk 00:10:00]} {[%emt 00:02:26]} 26. a5 {[%clk
00:14:10]} {[%emt 00:01:06]} Nc8 {[%clk 00:09:55]} {[%emt 00:00:35]} 27. Kb2
{[%clk 00:12:08]} {[%emt 00:02:31]} Nf6 {[%clk 00:08:53]} {[%emt 00:01:32]} 28.
Ng3 {[%clk 00:10:49]} {[%emt 00:01:50]} Nd7 {[%clk 00:08:11]} {[%emt 00:01:12]}
29. Be3 {[%clk 00:09:50]} {[%emt 00:01:28]} a6 {[%clk 00:07:11]} {[%emt
00:01:31]} 30. b4 {[%clk 00:06:28]} {[%emt 00:03:52]} Nd6 {[%clk 00:07:15]}
{[%emt 00:00:26]} 31. Kb3 {[%clk 00:06:17]} {[%emt 00:00:40]} Bf8 {[%clk
00:06:08]} {[%emt 00:01:37]} 32. Nge2 {[%clk 00:05:41]} {[%emt 00:01:06]} Be7
{[%clk 00:05:27]} {[%emt 00:01:11]} 33. g5 {[%clk 00:04:48]} {[%emt 00:01:24]}
f6 {[%clk 00:04:48]} {[%emt 00:01:08]} 34. f4 {[%clk 00:04:36]} {[%emt
00:00:42]} exf4 {[%clk 00:03:52]} {[%emt 00:01:27]} 35. Nxf4 {[%clk 00:03:45]}
{[%emt 00:01:20]} fxg5 {[%clk 00:03:02]} {[%emt 00:01:21]} 36. Ne6+ {[%clk
00:04:03]} {[%emt 00:00:12]} Ke8 {[%clk 00:03:15]} {[%emt 00:00:17]} 37. hxg5
{[%clk 00:03:51]} {[%emt 00:00:41]} Nf7 {[%clk 00:02:43]} {[%emt 00:01:02]} 38.
Ne2 {[%clk 00:03:18]} {[%emt 00:01:03]} Nd8 {[%clk 00:01:38]} {[%emt 00:01:36]}
39. N2d4 {[%clk 00:02:28]} {[%emt 00:01:19]} Nxe6 {[%clk 00:01:58]} {[%emt
00:00:10]} 40. Nxe6 {[%clk 00:02:47]} {[%emt 00:00:11]} Kf7 {[%clk 00:01:11]}
{[%emt 00:01:17]} 41. Nc5 {[%clk 00:20:39]} {[%emt 00:12:37]} Bxc5 {[%clk
00:23:03]} {[%emt 00:08:39]} 42. bxc5 {[%clk 00:17:32]} {[%emt 00:03:37]} Ke6
{[%clk 00:22:23]} {[%emt 00:01:09]} 43. Kc3 {[%clk 00:14:48]} {[%emt 00:03:15]}
Ke5 {[%clk 00:17:50]} {[%emt 00:05:03]} 44. Kd3 {[%clk 00:14:53]} {[%emt
00:00:25]} Nf8 {[%clk 00:16:17]} {[%emt 00:02:03]} 45. Bc1 {[%clk 00:10:50]}
{[%emt 00:04:33]} Ne6 {[%clk 00:12:53]} {[%emt 00:03:54]} 46. Be3 {[%clk
00:09:57]} {[%emt 00:01:23]} Nf8 {[%clk 00:10:58]} {[%emt 00:02:25]} 47. Bc1
{[%clk 00:10:03]} {[%emt 00:00:23]} Ne6 {[%clk 00:10:57]} {[%emt 00:00:32]} 48.
Be3 {[%clk 00:09:59]} {[%emt 00:00:33]} Nf8 {[%clk 00:10:18]} {[%emt 00:01:10]}
49. Bc1 {[%clk 00:10:21]} {[%emt 00:00:07]} 1/2-1/2

[Event "DVM U16w 2024"]
[Site "Neumünster GER"]
[Date "2024.12.28"]
[Round "3"]
[White "Sayouf, Rafif"]
[Black "Rafikova, Ailin"]
[Result "1/2-1/2"]
[Termination "normal"]
[Board "3.1"]
[WhiteElo "1680"]
[BlackElo "1735"]
[WhiteClock "01:03:13"]
[BlackClock "00:12:05"]
[WhiteTeam "USG Chemnitz"]
[BlackTeam "Schachzwerge Magdeburg"]
[PlyCount "116"]
[WhiteFideId "34630333"]
[BlackFideId "34612173"]
[EventCountry "GER"]
[EventRounds "7"]
[EventType "team-swiss"]
[EventDate "2024.12.26"]

1. e4 {[%clk 01:30:58]} {[%emt 00:00:01]} c6 {[%clk 01:30:53]} {[%emt
00:00:07]} 2. c4 {[%clk 01:31:24]} {[%emt 00:00:05]} d5 {[%clk 01:30:58]}
{[%emt 00:00:25]} 3. cxd5 {[%clk 01:31:49]} {[%emt 00:00:05]} cxd5 {[%clk
01:31:21]} {[%emt 00:00:07]} 4. exd5 {[%clk 01:32:15]} {[%emt 00:00:05]} Nf6
{[%clk 01:30:06]} {[%emt 00:01:43]} 5. Nc3 {[%clk 01:32:40]} {[%emt 00:00:06]}
Nxd5 {[%clk 01:23:58]} {[%emt 00:06:39]} 6. Nf3 {[%clk 01:33:04]} {[%emt
00:00:06]} Nc6 {[%clk 01:23:04]} {[%emt 00:01:24]} 7. Bb5 {[%clk 01:33:26]}
{[%emt 00:00:07]} Qd6 {[%clk 01:13:41]} {[%emt 00:09:53]} 8. O-O {[%clk
01:30:14]} {[%emt 00:03:42]} e6 {[%clk 01:10:39]} {[%emt 00:03:32]} 9. Re1
{[%clk 01:29:14]} {[%emt 00:01:30]} Be7 {[%clk 01:09:25]} {[%emt 00:01:44]} 10.
Ne5 {[%clk 01:22:08]} {[%emt 00:07:35]} O-O {[%clk 01:01:11]} {[%emt 00:08:45]}
11. Bxc6 {[%clk 01:22:28]} {[%emt 00:00:10]} bxc6 {[%clk 01:00:54]} {[%emt
00:00:48]} 12. d4 {[%clk 01:22:28]} {[%emt 00:00:28]} Nxc3 {[%clk 00:55:13]}
{[%emt 00:06:12]} 13. bxc3 {[%clk 01:22:48]} {[%emt 00:00:10]} c5 {[%clk
00:48:46]} {[%emt 00:06:57]} 14. Bf4 {[%clk 01:07:37]} {[%emt 00:15:40]} Qd5
{[%clk 00:43:30]} {[%emt 00:05:46]} 15. dxc5 {[%clk 01:06:25]} {[%emt
00:01:43]} Qxc5 {[%clk 00:40:07]} {[%emt 00:03:53]} 16. Qf3 {[%clk 01:06:12]}
{[%emt 00:00:41]} Qd5 {[%clk 00:35:10]} {[%emt 00:05:27]} 17. Qxd5 {[%clk
01:06:20]} {[%emt 00:00:24]} exd5 {[%clk 00:35:28]} {[%emt 00:00:12]} 18. Nc6
{[%clk 01:01:58]} {[%emt 00:04:51]} Bf6 {[%clk 00:29:14]} {[%emt 00:06:44]} 19.
Bd6 {[%clk 00:52:05]} {[%emt 00:10:23]} Bxc3 {[%clk 00:26:32]} {[%emt
00:03:13]} 20. Ne7+ {[%clk 00:52:22]} {[%emt 00:00:13]} Kh8 {[%clk 00:26:43]}
{[%emt 00:00:19]} 21. Nxd5 {[%clk 00:52:49]} {[%emt 00:00:04]} Bxe1 {[%clk
00:18:44]} {[%emt 00:08:28]} 22. Bxf8 {[%clk 00:53:08]} {[%emt 00:00:10]} Bb7
{[%clk 00:14:34]} {[%emt 00:04:41]} 23. Rxe1 {[%clk 00:50:47]} {[%emt
00:02:51]} Bxd5 {[%clk 00:13:43]} {[%emt 00:01:21]} 24. Bc5 {[%clk 00:50:42]}
{[%emt 00:00:33]} Bxa2 {[%clk 00:09:30]} {[%emt 00:04:44]} 25. Ra1 {[%clk
00:50:57]} {[%emt 00:00:15]} Rc8 {[%clk 00:07:42]} {[%emt 00:02:18]} 26. Bxa7
{[%clk 00:51:19]} {[%emt 00:00:10]} Be6 {[%clk 00:07:04]} {[%emt 00:01:06]} 27.
Be3 {[%clk 00:51:35]} {[%emt 00:00:14]} h6 {[%clk 00:06:14]} {[%emt 00:01:21]}
28. h3 {[%clk 00:51:59]} {[%emt 00:00:06]} Kh7 {[%clk 00:06:20]} {[%emt
00:00:23]} 29. Kh2 {[%clk 00:50:45]} {[%emt 00:01:44]} Kg6 {[%clk 00:05:01]}
{[%emt 00:01:49]} 30. g4 {[%clk 00:50:06]} {[%emt 00:01:09]} Rc2 {[%clk
00:03:46]} {[%emt 00:01:44]} 31. Kg3 {[%clk 00:49:43]} {[%emt 00:00:54]} h5
{[%clk 00:01:55]} {[%emt 00:02:22]} 32. gxh5+ {[%clk 00:48:48]} {[%emt
00:01:25]} Kxh5 {[%clk 00:01:55]} {[%emt 00:00:30]} 33. h4 {[%clk 00:48:47]}
{[%emt 00:00:30]} Rc4 {[%clk 00:01:33]} {[%emt 00:00:51]} 34. Ra5+ {[%clk
00:49:10]} {[%emt 00:00:09]} Kg6 {[%clk 00:01:10]} {[%emt 00:00:52]} 35. Rg5+
{[%clk 00:48:33]} {[%emt 00:01:06]} Kh7 {[%clk 00:01:06]} {[%emt 00:00:36]} 36.
Rc5 {[%clk 00:45:03]} {[%emt 00:03:59]} Rg4+ {[%clk 00:00:56]} {[%emt
00:00:41]} 37. Kh3 {[%clk 00:44:06]} {[%emt 00:01:26]} Rg6+ {[%clk 00:01:08]}
{[%emt 00:00:19]} 38. Kh2 {[%clk 00:44:23]} {[%emt 00:00:10]} Rg4 {[%clk
00:01:14]} {[%emt 00:00:26]} 39. Kh3 {[%clk 00:41:53]} {[%emt 00:03:00]} Rg6+
{[%clk 00:01:25]} {[%emt 00:00:19]} 40. Kh2 {[%clk 00:42:17]} {[%emt 00:00:06]}
Rg4 {[%clk 00:01:41]} {[%emt 00:00:15]} 41. h5 {[%clk 00:37:43]} {[%emt
00:05:02]} Rh4+ {[%clk 00:28:36]} {[%emt 00:03:36]} 42. Kg3 {[%clk 01:08:05]}
{[%emt 00:00:07]} Rh3+ {[%clk 00:27:37]} {[%emt 00:01:31]} 43. Kf4 {[%clk
01:07:34]} {[%emt 00:00:59]} Rh4+ {[%clk 00:26:24]} {[%emt 00:01:44]} 44. Kf3
{[%clk 01:07:47]} {[%emt 00:00:17]} Rh3+ {[%clk 00:24:54]} {[%emt 00:02:01]}
45. Kg2 {[%clk 01:05:56]} {[%emt 00:02:19]} Rh4 {[%clk 00:22:02]} {[%emt
00:03:22]} 46. f4 {[%clk 01:05:00]} {[%emt 00:01:27]} Rh3 {[%clk 00:20:07]}
{[%emt 00:02:25]} 47. Bf2 {[%clk 01:05:09]} {[%emt 00:00:20]} Rd3 {[%clk
00:15:06]} {[%emt 00:05:32]} 48. Bg3 {[%clk 01:01:37]} {[%emt 00:04:02]} Rd5
{[%clk 00:13:08]} {[%emt 00:02:28]} 49. Rxd5 {[%clk 01:01:55]} {[%emt
00:00:13]} Bxd5+ {[%clk 00:13:33]} {[%emt 00:00:04]} 50. Kh3 {[%clk 01:02:12]}
{[%emt 00:00:11]} Bf3 {[%clk 00:13:24]} {[%emt 00:00:42]} 51. Kh4 {[%clk
01:02:16]} {[%emt 00:00:25]} Kh6 {[%clk 00:13:25]} {[%emt 00:00:29]} 52. f5
{[%clk 01:02:25]} {[%emt 00:00:20]} f6 {[%clk 00:11:56]} {[%emt 00:02:00]} 53.
Bf4+ {[%clk 01:02:34]} {[%emt 00:00:20]} Kh7 {[%clk 00:12:16]} {[%emt
00:00:10]} 54. Be3 {[%clk 01:02:37]} {[%emt 00:00:28]} Be4 {[%clk 00:12:03]}
{[%emt 00:00:44]} 55. Kg4 {[%clk 01:03:01]} {[%emt 00:00:05]} Bc2 {[%clk
00:12:05]} {[%emt 00:00:28]} 56. Bd2 {[%clk 01:02:51]} {[%emt 00:00:39]} Bd1+
{[%clk 00:12:18]} {[%emt 00:00:18]} 57. Kh4 {[%clk 01:03:15]} {[%emt 00:00:06]}
Be2 {[%clk 00:11:48]} {[%emt 00:01:00]} 58. Bc1 {[%clk 01:03:13]} {[%emt
00:00:33]} Bd3 {[%clk 00:12:05]} {[%emt 00:00:13]} 1/2-1/2